Benefits of Vaastu and Feng Shui/ (Record no. 103098)

MARC details
000 -LEADER
fixed length control field 00605nam a22001937a 4500
005 - DATE AND TIME OF LATEST TRANSACTION
control field 20160907154158.0
010 ## - LCCN (DPL NO)
LC control number ENG-115933
020 ## - INTERNATIONAL STANDARD BOOK NUMBER
Terms of availability 96.00
International Standard Book Number 9788122308358
035 ## - SYSTEM CONTROL NUMBER
System control number EN-99465
037 ## - SOURCE OF ACQUISITION
Source of stock number/acquisition DBAD/PUB
082 ## - DEWEY DECIMAL CLASSIFICATION NUMBER
Classification number 133.333
100 ## - MAIN ENTRY--PERSONAL NAME
Personal name Menen, Rajendar
245 ## - TITLE STATEMENT
Title Benefits of Vaastu and Feng Shui/
Statement of responsibility, etc Rajendar Menen
260 ## - PUBLICATION, DISTRIBUTION, ETC. (IMPRINT)
Place of publication, distribution, etc New Delhi
Name of publisher, distributor, etc Pustak Mahal
Date of publication, distribution, etc 2011
270 ## - ADDRESS
Address J-3/16, Daryaganj
City New Delhi
Postal code 110002
Electronic mail address info@pustakmahal.com
Telephone number 23276539, 23272783, 23272784
Fax number 011-23280567
300 ## - PHYSICAL DESCRIPTION
Extent 142p.
Dimensions 22cm (pbk)
500 ## - GENERAL NOTE
General note Glossary
942 ## - ADDED ENTRY ELEMENTS (KOHA)
Source of classification or shelving scheme Dewey Decimal Classification
Item type English Books
Classification part 133.333
Call number suffix MEN
Holdings
Withdrawn status Lost status Not for loan Collection code Home library Current library Date acquired Source of acquisition Cost, normal purchase price Full call number Barcode Copy number Cost, replacement price Koha item type
    Not For Loan Non-fiction D.B.Act.Division Bawana 07/09/2016 DBAD/PUB 96.00 133.333 MEN EN-99465 1 96.00 English Books

© Delhi Public Library
Hit Counter
free hit counter